01871nam a2200193Ia 4500008004100000020001500041050002100056110004500077245013700122260006700259300001800326500011300344500004400457505105200501650003201553650002501585650002701610700004001637121028s9999 xx 000 0 und d a9707126353 aKGF292bC65 2006 aSuprema Corte de Justicia de la Nación aComentarios breves sobre la legislación patriab : periódo legislativo de 1876-1900c / Suprema Corte de Justicia de la Nación aMéxicob : Suprema Corte de Justicia de la Naciónc , 2006 a524 páginas a Edición oroginal: Tip. y Lit. "La Esuropea" de J. Aguilar Vera y Compañía, 1900 Edición facsimilar aIncluye: Estudio introductorio Facsimil aManuel Mateos Alarcón Pablo Zayas Ricardo Rodríguez Genaro García Francisco Martínez de Arredondo Jesús Villalobos Antonio de la Fuente Leonardo F. Rodríguez Alberto Lombardo Emeterio de la Garza Francisco L de la Barra Pedro Benítez y Leal Julio Ramón Llarena Pablo Gónzalez Montes Cosme A. Zafra Hilarión Romero Gil Rodrigo Gutíerrez Azcúe Emilio Velasco Ramón Obregón Rafael Herrera Joaquín A. Borges José María Valdés Agustín Verdugo José María Pavón Pascual Luna Lara Mejía Libranzas Enrique Barrión de Lon Ríos J. M. Barrión de Lon Ríos M. L. Carmona Manuel de la Torre Pablo I. Loreto Miguel M. Muñoz Moreno Fernando Vega José M. Gamboa Irenófilo José Juab Chavarría Severo I. Aguirre Isidro Rojas Sarón Pérez Nieto Pedro dle Villar Luis G. del Villar José R. Anila Manuel R. Thompsons A. Lancaster D. Casasús Gregorio Castellanos Daniel Torres Loreto Genero B. Ramírez Hermelegildo Dávila Miguel Lara Ricardo Arteaga Néstor Rubio Alpuche Emilio Rovirosa Andrede 0aDERECHOxHISTORIAzMÉXICO 0aLEGISLACIÓN PATRIA 0aDERECHO MEXICANOy1900 aMateos Alarcón, Manuel, coaut.Ì